Normal view
MARC view
Entry Personal Name
001 - CONTROL NUMBER
- control field: 56582
003 - CONTROL NUMBER IDENTIFIER
- control field: OSt
005 - DATE AND TIME OF LATEST TRANSACTION
- control field: 20250827161932.0
008 - FIXED-LENGTH DATA ELEMENTS
- fixed length control field: 250827|| aca||aabn | a|a d
040 ## - CATALOGING SOURCE
- Original cataloging agency: OSt
- Transcribing agency: OSt
100 ## - HEADING--PERSONAL NAME
- Personal name: Kumar, V., Vati, K. and Chaudhary, A.
670 ## - SOURCE DATA FOUND
- Source citation: Work cat.: (OSt)527268: Kumar, V., Vati, K. and Chaudhary, A. , Cyberspace vis-avis cyersecurity in Indian through the lens of law and policy
